00524 2200205 4500001002100000005001500021035002000036007000300056008004100059020002200100082001000122084001700132100001500149245004700164250000600211260003300217300003600250650001700286700001500303INLIS00000000000202520260214085825 a0010-0226000035ta260214 d 0 ind  a978-602-5406-35-5 a927.8 a927.8 DHI e0 aDhitapedhe1 aEXO And Fangirls Noona Story /cDhitapedhe a- aJakarta :bRomancious,c2018 a120 hlm. :bilus. ;c15 X 23 cm aEntertaiment0 aCindynoona